| Tag |
First Indicator |
Second Indicator |
Subfields |
| LEADER |
00000cam a2200000 4500 |
| 001 |
in00000048101 |
| 005 |
20151007065534.0 |
| 008 |
740829r19231916nyu 00000 eng u |
| 010 |
|
|
|a 24026024
|
| 035 |
|
|
|a (OCoLC)00992311
|
| 035 |
|
|
|9 AAE2196AM
|
| 040 |
|
|
|c ITD
|d OCL
|d TXA
|d UtOrBLW
|
| 049 |
|
|
|a TXAM
|c 3 [102505]
|
| 050 |
0 |
0 |
|a Q158
|b .G7
|
| 092 |
|
|
|a 504
|b G823d
|
| 100 |
1 |
|
|a Gregory, Richard,
|c Sir,
|d 1864-1952.
|
| 245 |
1 |
0 |
|a Discovery ;
|b or, The spirit and service of science /
|c by Sir Richard Gregory.
|
| 264 |
|
1 |
|a New York :
|b The Macmillan company,
|c 1923.
|
| 300 |
|
|
|a vii pages, 2 ., 347 pages :
|b viii plate (including frontispiece) ;
|c 21 cm.
|
| 336 |
|
|
|a text
|b txt
|2 rdacontent
|
| 337 |
|
|
|a unmediated
|b n
|2 rdamedia
|
| 338 |
|
|
|a volume
|b nc
|2 rdacarrier
|
| 500 |
|
|
|a "First edition June 1916. Reprinted...1923."
|
| 650 |
|
0 |
|a Science.
|
| 999 |
|
|
|a MARS
|
| 999 |
f |
f |
|s 6a59987e-0c0d-3c5f-9580-b94f84552025
|i a0f7e73a-348a-3a72-b3a0-9a57faa81f65
|t 0
|
| 952 |
f |
f |
|p ric
|a Texas A&M University
|b Rellis Campus
|c Joint Library Facility
|d Remote Storage
|t 0
|e Q158 .G7
|h Library of Congress classification
|i unmediated -- volume
|m A14800892682
|
| 998 |
f |
f |
|a Q158 .G7
|t 0
|l Remote Storage
|